| 000 | 00620nam a22001937a 4500 | ||
|---|---|---|---|
| 005 | 20251108170731.0 | ||
| 008 | 250721s1999 xx 000 0 ara d | ||
| 082 | 1 | 4 | _aط/611.4/شلش |
| 100 | 1 | _aشلش، صبحي عمران | |
| 245 | 1 | 0 | _aالغدد الصماء / |
| 246 | 1 | 1 | _aTHE ENDOCRINE GLANDS |
| 264 | 1 |
_aعمان : _bمؤسسة المجلس العربي للعلوم، _c1999. |
|
| 300 | _a48ص | ||
| 490 | 0 | _aسلسة أعضاء جسم الإنسان و أسراره ؛9 | |
| 650 | 1 | 7 | _aالغدد الصماء |
| 653 | _aناشئون كبار( 15-18) سنة | ||
| 942 |
_2ddc _cBK |
||
| 999 |
_c47717 _d47717 |
||